Mome Boys Members Quiz - Statistics

General Stats
  • This quiz has been taken 11 times
  • The average score is 10 of 11
Answer Stats
Name Sub Count % Correct
Bigpuffer 291K subs
100%
Crispy Concords 2.13M subs
100%
HyperNovaPuma 297K subs
100%
Im Suda 1.95M subs
100%
Soup 1.7M subs
100%
Tranium 787K subs
100%
Whos Chaos 1.38M subs
100%
Exzd 129K subs
75%
Im Cheezy 7.74K subs
75%
Ahrora 501K subs
50%
Wr3tched 203K subs
50%
No matching quizzes found
Score Distribution
Percent of People with Each Score
Percentile by Number Answered
Your Score History
You have not taken this quiz